000 00723nam a2200289Ia 4500
005 20260324112614.0
008 008 260324s9999 xx 000 0 eng d
020 _a9781032662879
037 _aEBOOK
040 _aCRL
040 _beng
040 _cCRL
041 _2eng
041 _aeng
084 _qCRL
100 _aWenshuan Dang; River Huang; Yijun Yu; Yong Zhang
_91143394
245 0 _aAutonomous Driving Network
245 0 _bNetwork Architecture in the Era of Autonomy
260 _bTaylor and Francis
260 _c2024
365 _a
365 _b290
856 _uhttp://www.taylorfrancis.com/books/9781032662879
942 _cEBOOK
999 _c1732659
_d1732659